[Event "Manchester Int"]
[Site "Manchester"]
[Date "1997.08.25"]
[Round "1"]
[White "Brooke, John"]
[Black "Okosieme, Iozeph"]
[Result "0-1"]
[WhiteElo "2175"]
[BlackElo "2040"]
[PlyCount "130"]
[EventDate "1997.08.25"]
[EventType "swiss"]
[EventRounds "9"]
[EventCountry "ENG"]
[SourceTitle "BritBase"]
[Source "britbase.info"]
[SourceDate "2021.07.30"]
[SourceVersion "1"]
[SourceVersionDate "2021.07.30"]
[SourceQuality "1"]

1. Nc3 c6 2. e4 d5 3. Nf3 dxe4 4. Nxe4 Bg4 5. Bc4 e6 6. d3 Nd7 7. h3 Bh5 8. Ng3
Bg6 9. a3 Be7 10. Qe2 Qc7 11. Bd2 h6 12. Bc3 Ngf6 13. O-O O-O 14. Rfe1 Bc5 15.
b4 Bb6 16. Ne4 Nd5 17. Bd2 Bh5 18. a4 a6 19. a5 Ba7 20. g4 Bg6 21. Kg2 Rad8 22.
Nh4 Bh7 23. c3 f5 24. Nc5 Nxc5 25. bxc5 Bxc5 26. d4 Ba7 27. g5 f4 28. Qg4 hxg5
29. Qxg5 Rf6 30. f3 Bb8 31. Kf2 Qf7 32. Ba2 Bc7 33. c4 Ne3 34. Bxe3 fxe3+ 35.
Qxe3 Qh5 36. Ng2 Qxh3 37. f4 Qg4 38. Bb1 Bxb1 39. Raxb1 Bxf4 40. Qe4 Bh2+ 41.
Ke3 Qg3+ 42. Kd2 Qa3 43. Re2 Qxa5+ 44. Kc2 Qc7 45. Ne3 Bd6 46. Rh1 Bf8 47. Ng4
Rf5 48. Rg2 Kf7 49. Rh7 Qf4 50. Nh6+ Kf6 51. Ng8+ Kf7 52. Nh6+ Ke7 53. Nxf5+
Qxf5 54. Qxf5 exf5 55. Rgxg7+ Bxg7 56. Rxg7+ Kf6 57. Rxb7 f4 58. Rb6 f3 59. Rb1
Kf5 60. d5 cxd5 61. cxd5 Kf4 62. d6 f2 63. Kd2 Kf3 64. Rf1 Rxd6+ 65. Kc3 Ke2
0-1

[Event "Manchester Int"]
[Site "Manchester"]
[Date "1997.08.25"]
[Round "1"]
[White "Gormally, Daniel"]
[Black "Dhar Barua, Saheli"]
[Result "1-0"]
[WhiteElo "2425"]
[BlackElo "2235"]
[PlyCount "43"]
[EventDate "1997.08.25"]
[EventType "swiss"]
[EventRounds "9"]
[EventCountry "ENG"]
[SourceTitle "BritBase"]
[Source "britbase.info"]
[SourceDate "2021.07.30"]
[SourceVersion "1"]
[SourceVersionDate "2021.07.30"]
[SourceQuality "1"]

1. d4 f5 2. Bg5 g6 3. Nc3 Bg7 4. h4 Nf6 5. h5 Nxh5 6. Rxh5 gxh5 7. e4 O-O 8.
Bc4+ Kh8 9. Qxh5 c6 10. O-O-O Qe8 11. Qh4 e6 12. exf5 exf5 13. Nge2 d5 14. Rh1
h5 15. Nf4 dxc4 16. Nxh5 Kg8 17. Nxg7 Qg6 18. Nh5 Na6 19. Nf4 Qg7 20. Bh6 Qh7
21. Qg5+ Kf7 22. Re1 1-0

[Event "Manchester Int"]
[Site "Manchester"]
[Date "1997.08.25"]
[Round "1"]
[White "Njobvu, Ignatius"]
[Black "Norris, Alan"]
[Result "1/2-1/2"]
[WhiteElo "2200"]
[BlackElo "2285"]
[PlyCount "116"]
[EventDate "1997.08.25"]
[EventType "swiss"]
[EventRounds "9"]
[EventCountry "ENG"]
[SourceTitle "BritBase"]
[Source "britbase.info"]
[SourceDate "2021.07.30"]
[SourceVersion "1"]
[SourceVersionDate "2021.07.30"]
[SourceQuality "1"]

1. e4 e6 2. d3 d5 3. Nd2 c5 4. Ngf3 Nc6 5. g3 Bd6 6. Bg2 Nge7 7. O-O O-O 8. Re1
Bc7 9. c3 d4 10. Nf1 b6 11. h4 e5 12. c4 a6 13. N1h2 b5 14. b3 Ba5 15. Re2 Bc3
16. Rb1 b4 17. Ng5 f6 18. Nh3 a5 19. h5 a4 20. f4 axb3 21. axb3 h6 22. f5 Kf7
23. Rf2 Ke8 24. Qg4 Rf7 25. Nf3 Ra3 26. Nh4 Qa5 27. Rf1 Ra2 28. Qf3 Ng8 29. g4
Bd2 30. Bxd2 Rxd2 31. Qg3 Ra2 32. Ng6 Ra7 33. Rfc1 Qc7 34. Qe1 R7a3 35. Qd1 Qa7
36. Kf1 Bd7 37. Nh4 Nge7 38. Nf3 Na5 39. Nf2 Nac6 40. Ke1 Nd8 41. Nd2 Nf7 42.
Nh3 Nc6 43. Bf3 Na5 44. Be2 Bc6 45. Bf3 Nd6 46. Ng1 Nf7 47. Nh3 Ke7 48. Be2 Qa8
49. Bf3 Nd6 50. Nf2 Nc8 51. Rc2 Rxc2 52. Qxc2 Nb7 53. Rb2 Ncd6 54. Bd1 Nf7 55.
Nh3 Nbd6 56. Bf3 Qa5 57. Ke2 Nc8 58. Ng1 Ra1 1/2-1/2

[Event "Manchester Int"]
[Site "Manchester"]
[Date "1997.08.25"]
[Round "1"]
[White "Roktim, Bandopadha"]
[Black "Barua, Dibyendu"]
[Result "0-1"]
[WhiteElo "2275"]
[BlackElo "2515"]
[PlyCount "64"]
[EventDate "1997.08.25"]
[EventType "swiss"]
[EventRounds "9"]
[EventCountry "ENG"]
[SourceTitle "BritBase"]
[Source "britbase.info"]
[SourceDate "2021.07.30"]
[SourceVersion "1"]
[SourceVersionDate "2021.07.30"]
[SourceQuality "1"]

1. Nf3 d5 2. d4 c6 3. Bf4 Bf5 4. e3 e6 5. Be2 Nf6 6. O-O h6 7. c4 Nbd7 8. Nc3
Be7 9. a3 O-O 10. h3 Bh7 11. Ne5 Nxe5 12. Bxe5 Rc8 13. b4 dxc4 14. Bxc4 a5 15.
Qb3 axb4 16. axb4 Nd5 17. Na2 Ra8 18. Rfe1 Nb6 19. e4 Nxc4 20. Qxc4 Qb6 21. Re3
Qa6 22. Rg3 g5 23. Qc2 Rfd8 24. h4 f6 25. Qb3 Kf7 26. Qf3 Rg8 27. hxg5 hxg5 28.
Rh3 Bg6 29. Bxf6 Bxf6 30. e5 Bf5 31. Rh7+ Rg7 32. Rxg7+ Bxg7 0-1

[Event "Manchester Int"]
[Site "Manchester"]
[Date "1997.08.25"]
[Round "1"]
[White "Shaw, John Kerr"]
[Black "Dearing, Eddie"]
[Result "0-1"]
[WhiteElo "2390"]
[BlackElo "2210"]
[PlyCount "86"]
[EventDate "1997.08.25"]
[EventType "swiss"]
[EventRounds "9"]
[EventCountry "ENG"]
[SourceTitle "BritBase"]
[Source "britbase.info"]
[SourceDate "2021.07.30"]
[SourceVersion "1"]
[SourceVersionDate "2021.07.30"]
[SourceQuality "1"]

1. e4 c5 2. Nc3 Nc6 3. Bb5 Nd4 4. a4 a6 5. Bd3 d6 6. Nge2 Nc6 7. Bc4 g6 8. O-O
Bg7 9. d3 Nf6 10. Bg5 h6 11. Bh4 g5 12. Bg3 e5 13. Nd5 Nh5 14. f3 f5 15. exf5
Bxf5 16. Bf2 Nf4 17. Ng3 Bg6 18. Re1 Ne7 19. Nxe7 Qxe7 20. Ne2 Nxe2+ 21. Qxe2
Bf7 22. Qe4 O-O 23. Bd5 Rad8 24. a5 Bxd5 25. Qxd5+ Qf7 26. Qxf7+ Rxf7 27. c4
Rb8 28. Reb1 b5 29. axb6 Rxb6 30. Be1 e4 (30... g4 {Gormally}) 31. dxe4 Bxb2
32. Kf1 Rfb7 33. Ra2 Bd4 34. Rxb6 Rxb6 35. Ke2 Kf7 36. Bd2 Ke6 37. h4 gxh4 38.
Bxh6 Rb1 39. Bg5 Rg1 40. Kd3 h3 41. g4 Rg2 42. Rxa6 h2 43. Ra7 Bf6 0-1

[Event "Manchester Int"]
[Site "Manchester"]
[Date "1997.08.25"]
[Round "1"]
[White "Smith, Alan A"]
[Black "Bosch, Jeroen"]
[Result "0-1"]
[WhiteElo "2235"]
[BlackElo "2405"]
[PlyCount "44"]
[EventDate "1997.08.25"]
[EventType "swiss"]
[EventRounds "9"]
[EventCountry "ENG"]
[SourceTitle "BritBase"]
[Source "britbase.info"]
[SourceDate "2021.07.30"]
[SourceVersion "1"]
[SourceVersionDate "2021.07.30"]
[SourceQuality "1"]

1. d4 d5 2. Bg5 f6 3. Bh4 Nh6 4. e3 Nf5 5. Bd3 Nxh4 6. Qh5+ g6 7. Qxh4 Bg7 8.
c4 Nc6 9. a3 e5 10. Nc3 exd4 11. Nxd5 Ne5 12. Bf1 dxe3 13. O-O-O exf2 14. Qxf2
O-O 15. Qc5 Bh6+ 16. Kb1 Bf5+ 17. Ka2 Rf7 18. Be2 Bc2 19. Rf1 c6 20. Nc3 Nd3
21. Bxd3 Qxd3 22. Nf3 Be3 0-1

[Event "Manchester Int"]
[Site "Manchester"]
[Date "1997.08.26"]
[Round "2"]
[White "Barua, Dibyendu"]
[Black "Dearing, Eddie"]
[Result "1/2-1/2"]
[WhiteElo "2515"]
[BlackElo "2210"]
[PlyCount "33"]
[EventDate "1997.08.25"]
[EventType "swiss"]
[EventRounds "9"]
[EventCountry "ENG"]
[SourceTitle "BritBase"]
[Source "britbase.info"]
[SourceDate "2021.07.30"]
[SourceVersion "1"]
[SourceVersionDate "2021.07.30"]
[SourceQuality "1"]

1. e4 c5 2. Nf3 d6 3. d4 cxd4 4. Nxd4 Nf6 5. Nc3 g6 6. Be2 Bg7 7. O-O O-O 8.
Nb3 Nc6 9. Kh1 a6 10. a4 Be6 11. f4 Na5 12. f5 Bc4 13. Bd3 Nxb3 14. cxb3 Bxd3
15. Qxd3 Qb6 16. fxg6 hxg6 17. Qc2 1/2-1/2

[Event "Manchester Int"]
[Site "Manchester"]
[Date "1997.08.26"]
[Round "2"]
[White "Beckett, Chris"]
[Black "Gormally, Daniel"]
[Result "1-0"]
[WhiteElo "2110"]
[BlackElo "2425"]
[PlyCount "111"]
[EventDate "1997.08.25"]
[EventType "swiss"]
[EventRounds "9"]
[EventCountry "ENG"]
[SourceTitle "BritBase"]
[Source "britbase.info"]
[SourceDate "2021.07.30"]
[SourceVersion "1"]
[SourceVersionDate "2021.07.30"]
[SourceQuality "1"]

1. d4 Nf6 2. c4 g6 3. Nc3 Bg7 4. e4 d6 5. f3 O-O 6. Bg5 c5 7. d5 Qa5 8. Qd2
Nbd7 9. Nh3 Ne5 10. Nf2 Qb4 11. Ncd1 Qxd2+ 12. Bxd2 a6 13. a4 Bd7 14. Be2 Rab8
15. Nc3 h5 16. Bg5 e6 17. f4 Neg4 18. Nxg4 Nxg4 19. Bxg4 hxg4 20. Be7 Rfe8 21.
Bxd6 Rbc8 22. e5 exd5 23. Nxd5 Kh7 24. O-O Rc6 25. a5 Bf5 26. Be7 Bd3 27. Rfc1
Rb8 28. Ra3 Bf5 29. Rd1 Be6 30. Rb3 Bf5 31. Rb6 Bh6 32. Nf6+ Kg7 33. g3 g5 34.
Kf2 gxf4 35. gxf4 Kg6 36. Kg3 Be6 37. b3 Kf5 38. Rf1 Rxb6 39. axb6 Bf8 40. Bxf8
Rxf8 41. Nxg4 Rd8 42. Nh6+ Kg6 43. f5+ Kxh6 44. fxe6 fxe6 45. Rf6+ Kh5 46. Rf7
Kg6 47. Rxb7 Kf5 48. Rf7+ Kxe5 49. b7 Rb8 50. h4 Rg8+ 51. Kf3 Kd4 52. h5 e5 53.
Rd7+ Kc3 54. h6 Kxb3 55. h7 Rf8+ 56. Ke4 1-0

[Event "Manchester Int"]
[Site "Manchester"]
[Date "1997.08.26"]
[Round "2"]
[White "Bosch, Jeroen"]
[Black "Njobvu, Ignatius"]
[Result "1-0"]
[WhiteElo "2405"]
[BlackElo "2200"]
[PlyCount "43"]
[EventDate "1997.08.25"]
[EventType "swiss"]
[EventRounds "9"]
[EventCountry "ENG"]
[SourceTitle "BritBase"]
[Source "britbase.info"]
[SourceDate "2021.07.30"]
[SourceVersion "1"]
[SourceVersionDate "2021.07.30"]
[SourceQuality "1"]

1. e4 e6 2. d4 d5 3. e5 c5 4. c3 Nc6 5. Nf3 Qb6 6. a3 f6 7. Bd3 f5 8. dxc5 Bxc5
9. O-O Qd8 10. b4 Bb6 11. Bb2 Nge7 12. c4 O-O 13. cxd5 Nxd5 14. Bc4 Nf4 15. Nc3
Qe7 16. Nb5 a6 17. Nd6 Bc7 18. Qd2 Ng6 19. Rad1 b5 20. Bb3 Rd8 21. Nxf5 Qf8 22.
Qe2 1-0

[Event "Manchester Int"]
[Site "Manchester"]
[Date "1997.08.26"]
[Round "2"]
[White "Dhar Barua, Saheli"]
[Black "Shaw, John Kerr"]
[Result "0-1"]
[WhiteElo "2235"]
[BlackElo "2390"]
[PlyCount "80"]
[EventDate "1997.08.25"]
[EventType "swiss"]
[EventRounds "9"]
[EventCountry "ENG"]
[SourceTitle "BritBase"]
[Source "britbase.info"]
[SourceDate "2021.07.30"]
[SourceVersion "1"]
[SourceVersionDate "2021.07.30"]
[SourceQuality "1"]

1. e4 c5 2. Nf3 d6 3. d4 Nf6 4. Nc3 cxd4 5. Nxd4 g6 6. Be3 Bg7 7. f3 O-O 8. Qd2
Nc6 9. O-O-O Nxd4 10. Bxd4 Be6 11. Nd5 Bxd5 12. exd5 Qc7 13. Kb1 Rac8 14. c4 b5
15. b3 bxc4 16. bxc4 Rb8+ 17. Ka1 Rb6 18. Be2 Rfb8 19. Rb1 Nd7 20. Bxg7 Kxg7
21. Qd4+ Kg8 22. Rxb6 Rxb6 23. Rb1 Rxb1+ 24. Kxb1 Qa5 25. Bd1 Qe1 26. Kb2 Nc5
27. Bc2 Qe2 28. h4 Qxg2 29. Qe3 Qh2 30. Qxe7 a5 31. Qd8+ Kg7 32. Qxa5 Qxh4 33.
Qc3+ Qf6 34. f4 h5 35. a4 h4 36. a5 h3 37. Qxf6+ Kxf6 38. Bd1 Kf5 39. Bf3 Kxf4
40. Bh1 g5 0-1

[Event "Manchester Int"]
[Site "Manchester"]
[Date "1997.08.26"]
[Round "2"]
[White "Norris, Alan"]
[Black "Roktim, Bandopadha"]
[Result "1/2-1/2"]
[WhiteElo "2285"]
[BlackElo "2275"]
[PlyCount "86"]
[EventDate "1997.08.25"]
[EventType "swiss"]
[EventRounds "9"]
[EventCountry "ENG"]
[SourceTitle "BritBase"]
[Source "britbase.info"]
[SourceDate "2021.07.30"]
[SourceVersion "1"]
[SourceVersionDate "2021.07.30"]
[SourceQuality "1"]

1. e4 g6 2. d4 Bg7 3. Nc3 d6 4. Be3 c6 5. Qd2 Qa5 6. Nge2 b5 7. f3 Nd7 8. g3
Ngf6 9. Bg2 O-O 10. O-O Qc7 11. h3 Bb7 12. f4 Rad8 13. Qe1 b4 14. Nd1 c5 15. c3
Bxe4 16. Bxe4 Nxe4 17. cxb4 cxb4 18. Qxb4 Rb8 19. Qe1 Nb6 20. Rc1 Qd7 21. Kh2
Nd5 22. Nec3 Ndxc3 23. bxc3 d5 24. Rg1 Rb5 25. Rg2 Rfb8 26. Rgc2 Rc8 27. Nf2
Nxf2 28. Bxf2 Rc4 29. Qe2 Qb7 30. Be1 Bf8 31. g4 Rb6 32. Bg3 e6 33. f5 exf5 34.
gxf5 Qc8 35. fxg6 hxg6 36. Qf3 Qd7 37. Re1 Bd6 38. Be5 Bxe5+ 39. Rxe5 Rbc6 40.
Qxd5 Qxd5 41. Rxd5 Rxc3 42. Rxc3 Rxc3 43. Ra5 Rd3 1/2-1/2

[Event "Manchester Int"]
[Site "Manchester"]
[Date "1997.08.26"]
[Round "2"]
[White "Okosieme, Iozeph"]
[Black "McKenna, Jason P"]
[Result "1-0"]
[WhiteElo "2040"]
[BlackElo "2120"]
[PlyCount "59"]
[EventDate "1997.08.25"]
[EventType "swiss"]
[EventRounds "9"]
[EventCountry "ENG"]
[SourceTitle "BritBase"]
[Source "britbase.info"]
[SourceDate "2021.07.30"]
[SourceVersion "1"]
[SourceVersionDate "2021.07.30"]
[SourceQuality "1"]

1. d4 Nf6 2. Nf3 e6 3. e3 c5 4. c4 cxd4 5. exd4 Bb4+ 6. Bd2 Qe7 7. Bd3 b6 8.
O-O Bxd2 9. Nbxd2 Bb7 10. Qc2 d6 11. b4 Nbd7 12. Rab1 O-O 13. Rfe1 Rac8 14. Qa4
a6 15. d5 b5 16. Qa5 bxc4 17. Bxc4 e5 18. Nd4 Ng4 19. h3 Qh4 20. hxg4 exd4 21.
Re4 Nf6 22. Nf3 Qxf2+ 23. Kxf2 Nxe4+ 24. Ke2 Nc3+ 25. Kd3 Nxb1 26. Nxd4 Rfe8
27. Nf5 Nd2 28. Bxa6 Bxa6+ 29. Qxa6 Ne4 30. Ne7+ 1-0

[Event "Manchester Int"]
[Site "Manchester"]
[Date "1997.08.27"]
[Round "3"]
[White "Gormally, Daniel"]
[Black "Norris, Alan"]
[Result "1-0"]
[WhiteElo "2425"]
[BlackElo "2285"]
[PlyCount "51"]
[EventDate "1997.08.25"]
[EventType "swiss"]
[EventRounds "9"]
[EventCountry "ENG"]
[SourceTitle "BritBase"]
[Source "britbase.info"]
[SourceDate "2021.07.30"]
[SourceVersion "1"]
[SourceVersionDate "2021.07.30"]
[SourceQuality "1"]

1. d4 e6 2. c4 Nf6 3. Nf3 Bb4+ 4. Nbd2 O-O 5. a3 Be7 6. e3 b6 7. Bd3 Bb7 8. e4
d5 9. cxd5 exd5 10. e5 Nfd7 11. h4 h6 12. g4 c5 13. g5 cxd4 14. gxh6 Nc5 15.
Nb3 g6 16. Nxc5 bxc5 17. e6 Nc6 18. Rg1 Kh8 19. h5 g5 20. Nxg5 fxe6 21. Nxe6
Qd7 22. Qg4 Rg8 23. Qf5 Rxg1+ 24. Ke2 Bh4 25. Bf4 Rg5 26. Qf6+ 1-0

[Event "Manchester Int"]
[Site "Manchester"]
[Date "1997.08.27"]
[Round "3"]
[White "McKenna, Jason P"]
[Black "Dhar Barua, Saheli"]
[Result "0-1"]
[WhiteElo "2120"]
[BlackElo "2235"]
[PlyCount "86"]
[EventDate "1997.08.25"]
[EventType "swiss"]
[EventRounds "9"]
[EventCountry "ENG"]
[SourceTitle "BritBase"]
[Source "britbase.info"]
[SourceDate "2021.07.30"]
[SourceVersion "1"]
[SourceVersionDate "2021.07.30"]
[SourceQuality "1"]

1. e4 e6 2. d4 d5 3. Nc3 Bb4 4. exd5 exd5 5. Bd3 Nf6 6. Bg5 Be6 7. Qf3 Nbd7 8.
Nge2 c6 9. O-O Qb6 10. Bf5 O-O 11. Rad1 Rfe8 12. Ng3 Bd6 13. Na4 Qa5 14. b3 Qc7
15. Nc5 b6 16. Nd3 Bxf5 17. Nxf5 Bxh2+ 18. Kh1 Bd6 19. g3 Ne4 20. Bh6 g6 21.
Ne3 f5 22. g4 Qd8 23. Kg2 Ng5 24. Bxg5 Qxg5 25. Qh3 h5 26. f4 fxg4 27. fxg5
gxh3+ 28. Kf3 Rf8+ 29. Ke2 Rxf1 30. Rxf1 Rf8 31. Rh1 h2 32. c4 dxc4 33. bxc4 c5
34. dxc5 Nxc5 35. Nf2 Bg3 36. Nh3 Ne4 37. Nf1 Bd6 38. Ke3 Ng3 39. Nxg3 Bxg3 40.
Rd1 h4 41. a4 Rf7 42. Ke4 Rc7 43. Rc1 Rxc4+ 0-1

[Event "Manchester Int"]
[Site "Manchester"]
[Date "1997.08.27"]
[Round "3"]
[White "Okosieme, Iozeph"]
[Black "Bosch, Jeroen"]
[Result "0-1"]
[WhiteElo "2040"]
[BlackElo "2405"]
[PlyCount "52"]
[EventDate "1997.08.25"]
[EventType "swiss"]
[EventRounds "9"]
[EventCountry "ENG"]
[SourceTitle "BritBase"]
[Source "britbase.info"]
[SourceDate "2021.07.30"]
[SourceVersion "1"]
[SourceVersionDate "2021.07.30"]
[SourceQuality "1"]

1. d4 d6 2. Nf3 Bg4 3. e3 Nd7 4. Be2 Ngf6 5. c4 e5 6. Nc3 Be7 7. O-O O-O 8. Qc2
c6 9. Rd1 Qc7 10. b3 Rfe8 11. Bb2 Bf8 12. h3 Bh5 13. d5 Rac8 14. Rd2 cxd5 15.
Nxd5 Nxd5 16. Rxd5 Nf6 17. Rdd1 d5 18. Qf5 Bg6 19. Qg5 Ne4 20. Bxe5 Nxg5 21.
Bxc7 Nxf3+ 22. Bxf3 Rxc7 23. cxd5 Bd6 24. g4 Kf8 25. a4 Bc2 26. Rdc1 Rec8 0-1

[Event "Manchester Int"]
[Site "Manchester"]
[Date "1997.08.27"]
[Round "3"]
[White "Roktim, Bandopadha"]
[Black "Njobvu, Ignatius"]
[Result "1-0"]
[WhiteElo "2275"]
[BlackElo "2200"]
[PlyCount "53"]
[EventDate "1997.08.25"]
[EventType "swiss"]
[EventRounds "9"]
[EventCountry "ENG"]
[SourceTitle "BritBase"]
[Source "britbase.info"]
[SourceDate "2021.07.30"]
[SourceVersion "1"]
[SourceVersionDate "2021.07.30"]
[SourceQuality "1"]

1. Nf3 Nf6 2. c4 c5 3. Nc3 d6 4. g3 g6 5. Bg2 Bg7 6. d4 cxd4 7. Nxd4 O-O 8. O-O
a6 9. b3 Qd7 10. Nd5 Nxd5 11. cxd5 e5 12. dxe6 fxe6 13. Ba3 Nc6 14. Nxe6 Bxa1
15. Nxf8 Qg7 16. Qxa1 Qxa1 17. Rxa1 Kxf8 18. Rd1 Bg4 19. Rxd6 Kf7 20. Bd5+ Kg7
21. f3 Bh3 22. Kf2 Rc8 23. g4 Rc7 24. Bb2+ Kf8 25. Bf6 h5 26. Be6 hxg4 27. fxg4
1-0

[Event "Manchester Int"]
[Site "Manchester"]
[Date "1997.08.27"]
[Round "3"]
[White "Shaw, John Kerr"]
[Black "Smith, Alan A"]
[Result "0-1"]
[WhiteElo "2390"]
[BlackElo "2225"]
[PlyCount "116"]
[EventDate "1997.08.25"]
[EventType "swiss"]
[EventRounds "9"]
[EventCountry "ENG"]
[SourceTitle "BritBase"]
[Source "britbase.info"]
[SourceDate "2021.07.30"]
[SourceVersion "1"]
[SourceVersionDate "2021.07.30"]
[SourceQuality "1"]

1. e4 b6 2. d4 Bb7 3. Bd3 e6 4. Nf3 c5 5. c3 Nf6 6. e5 Nd5 7. O-O Qc7 8. a3 c4
9. Bc2 Nc6 10. Ng5 d6 11. f4 O-O-O 12. Qe2 h6 13. Ne4 Na5 14. Nbd2 Kb8 15. Rb1
Be7 16. exd6 Bxd6 17. Nxd6 Rxd6 18. Ne4 Rd7 19. f5 exf5 20. Rxf5 g6 21. Rf1 f5
22. Ng3 Re7 23. Qf2 Ka8 24. Bf4 Nxf4 25. Qxf4 Qc6 26. Qf3 Qxf3 27. gxf3 h5 28.
h4 Re3 29. Kg2 Rhe8 30. Rbd1 Bd5 31. Rf2 Nb7 32. Rdd2 Nd8 33. Nf1 Re1 34. Kg3
Kb7 35. Bd1 Kc7 36. Rde2 R8xe2 37. Bxe2 Ne6 38. Nd2 b5 39. Bf1 Rc1 40. Bg2 Rc2
41. f4 Bxg2 42. Rxg2 Rxb2 43. Nf3 Rxg2+ 44. Kxg2 Nxf4+ 45. Kf2 Nd3+ 46. Ke3 Kd6
47. Ng5 a5 48. Nf7+ Ke7 49. Ng5 Ne1 50. Kd2 Ng2 51. Nf3 Ke6 52. Ke2 f4 53. Kf2
Ne3 54. Ke2 Kf5 55. Ne5 Ke4 56. Nxg6 f3+ 57. Ke1 Nd5 58. Kd2 Nxc3 0-1

[Event "Manchester Int"]
[Site "Manchester"]
[Date "1997.08.28"]
[Round "4"]
[White "Bosch, Jeroen"]
[Black "Barua, Dibyendu"]
[Result "1/2-1/2"]
[WhiteElo "2405"]
[BlackElo "2515"]
[PlyCount "29"]
[EventDate "1997.08.25"]
[EventType "swiss"]
[EventRounds "9"]
[EventCountry "ENG"]
[SourceTitle "BritBase"]
[Source "britbase.info"]
[SourceDate "2021.07.30"]
[SourceVersion "1"]
[SourceVersionDate "2021.07.30"]
[SourceQuality "1"]

1. e4 e5 2. Nf3 Nf6 3. Nxe5 d6 4. Nf3 Nxe4 5. Qe2 Qe7 6. Nc3 Nf6 7. d4 Qxe2+ 8.
Bxe2 Bf5 9. Bg5 Be7 10. O-O-O h6 11. Bxf6 Bxf6 12. Bd3 Bxd3 13. Rxd3 Nc6 14.
Nd5 Bd8 15. Re1+ 1/2-1/2

[Event "Manchester Int"]
[Site "Manchester"]
[Date "1997.08.28"]
[Round "4"]
[White "Brooke, John"]
[Black "Raoof, Adam"]
[Result "0-1"]
[WhiteElo "2175"]
[BlackElo "2050"]
[PlyCount "114"]
[EventDate "1997.08.25"]
[EventType "swiss"]
[EventRounds "9"]
[EventCountry "ENG"]
[SourceTitle "BritBase"]
[Source "britbase.info"]
[SourceDate "2021.07.30"]
[SourceVersion "1"]
[SourceVersionDate "2021.07.30"]
[SourceQuality "1"]

1. Nc3 Nc6 2. Nf3 d6 3. g3 g6 4. Bg2 Bg7 5. O-O e5 6. a3 Nge7 7. e4 O-O 8. Rb1
f5 9. d3 f4 10. Nd5 h6 11. c3 Be6 12. Nh4 g5 13. Nf3 Nxd5 14. Nxg5 hxg5 15.
exd5 Bd7 16. dxc6 Bxc6 17. Bxc6 bxc6 18. Qg4 Qf6 19. f3 Rae8 20. Bd2 d5 21.
Rbd1 Rf7 22. h4 gxh4 23. Qxh4 Qxh4 24. gxh4 Bf6 25. Be1 Rg7+ 26. Kh2 Kf7 27.
Bf2 Rh8 28. Rg1 Bxh4 29. Rxg7+ Kxg7 30. Bxh4 Rxh4+ 31. Kg2 Kf6 32. Re1 Kf5 33.
b4 Rh8 34. Re2 a5 35. Re1 axb4 36. cxb4 Ra8 37. Ra1 Ra4 38. Kf2 Ke6 39. Ke2 c5
40. bxc5 Kd7 41. Kd2 Kc6 42. Kc3 Kxc5 43. Kb3 Ra6 44. Rc1+ Kd4 45. Rxc7 Kxd3
46. Rc5 Kd4 47. Rb5 e4 48. fxe4 dxe4 49. Rb4+ Kd3 50. Kb2 f3 51. Rb3+ Kd2 52.
Ka2 e3 53. Rb2+ Ke1 54. Rc2 f2 55. Rc1+ Ke2 56. Rc2+ Kd3 57. Rc1 e2 0-1

[Event "Manchester Int"]
[Site "Manchester"]
[Date "1997.08.28"]
[Round "4"]
[White "Dearing, Eddie"]
[Black "Gormally, Daniel"]
[Result "0-1"]
[WhiteElo "2210"]
[BlackElo "2425"]
[PlyCount "64"]
[EventDate "1997.08.25"]
[EventType "swiss"]
[EventRounds "9"]
[EventCountry "ENG"]
[SourceTitle "BritBase"]
[Source "britbase.info"]
[SourceDate "2021.07.30"]
[SourceVersion "1"]
[SourceVersionDate "2021.07.30"]
[SourceQuality "1"]

1. d4 Nf6 2. c4 g6 3. Nc3 Bg7 4. e4 d6 5. f4 O-O 6. Nf3 c5 7. d5 e6 8. Be2 exd5
9. cxd5 Bg4 10. O-O Re8 11. h3 Bxf3 12. Bxf3 Nfd7 13. Re1 Na6 14. Be3 Nc7 15.
a4 a6 16. Re2 Rb8 17. a5 b5 18. axb6 Rxb6 19. Qe1 Bd4 20. Bxd4 cxd4 21. Na4 Rb3
22. Rd1 d3 23. Re3 Qf6 24. Rdxd3 Rxd3 25. Rxd3 Qxf4 26. Qa5 Ne5 27. Rb3 Nb5 28.
Qxa6 Nd4 29. Ra3 Nexf3+ 30. gxf3 Nxf3+ 31. Kg2 Nh4+ 32. Kg1 Qg5+ 0-1

[Event "Manchester Int"]
[Site "Manchester"]
[Date "1997.08.28"]
[Round "4"]
[White "Njobvu, Ignatius"]
[Black "McKenna, Jason P"]
[Result "1-0"]
[WhiteElo "2200"]
[BlackElo "2120"]
[PlyCount "71"]
[EventDate "1997.08.25"]
[EventType "swiss"]
[EventRounds "9"]
[EventCountry "ENG"]
[SourceTitle "BritBase"]
[Source "britbase.info"]
[SourceDate "2021.07.30"]
[SourceVersion "1"]
[SourceVersionDate "2021.07.30"]
[SourceQuality "1"]

1. e4 e6 2. d3 d5 3. Nd2 Nf6 4. Ngf3 Nc6 5. e5 Nd7 6. d4 f6 7. Bb5 fxe5 8. dxe5
Be7 9. O-O O-O 10. Qe2 Nc5 11. Nb3 a6 12. Bxc6 bxc6 13. Nfd4 Bd7 14. Qg4 Rf7
15. Be3 Nxb3 16. axb3 c5 17. Nf3 Qf8 18. Nh4 d4 19. Bd2 Bb5 20. Rfd1 Rxf2 21.
Qxe6+ Kh8 22. Nf3 Re2 23. c4 dxc3 24. Bxc3 Bg5 25. Qg4 Be3+ 26. Kh1 Rf2 27. Qe4
Bh6 28. Re1 Rd8 29. e6 Qd6 30. Qh4 Rxf3 31. gxf3 Bf4 32. Rad1 Qxd1 33. Rxd1
Rxd1+ 34. Kg2 Be3 35. Be1 Rd5 36. Qe4 1-0

[Event "Manchester Int"]
[Site "Manchester"]
[Date "1997.08.28"]
[Round "4"]
[White "Norris, Alan"]
[Black "Shaw, John Kerr"]
[Result "0-1"]
[WhiteElo "2285"]
[BlackElo "2390"]
[PlyCount "110"]
[EventDate "1997.08.25"]
[EventType "swiss"]
[EventRounds "9"]
[EventCountry "ENG"]
[SourceTitle "BritBase"]
[Source "britbase.info"]
[SourceDate "2021.07.30"]
[SourceVersion "1"]
[SourceVersionDate "2021.07.30"]
[SourceQuality "1"]

1. e4 e5 2. Nc3 Nf6 3. Bc4 Nxe4 4. Qh5 Nd6 5. Bb3 Be7 6. Nf3 Nc6 7. Nxe5 g6 8.
Nxc6 dxc6 9. Qf3 O-O 10. d3 Nf5 11. O-O Nd4 12. Qd1 a5 13. Be3 Bf5 14. Re1 Bf6
15. Qd2 Re8 16. Bxd4 Qxd4 17. Rxe8+ Rxe8 18. Re1 Rxe1+ 19. Qxe1 Qe5 20. Qxe5
Bxe5 21. Ne4 Bxe4 22. dxe4 Bxb2 23. f4 Kf8 24. Kf2 b5 25. c4 a4 26. Bc2 f6 27.
Bd3 b4 28. Bc2 b3 29. axb3 a3 30. Bb1 c5 31. Ba2 Ke7 32. Ke2 Kd6 33. g3 Bd4 34.
h3 Kc6 35. g4 Bb2 36. Kd3 Kd6 37. Ke3 Ke6 38. b4 Bc1+ 39. Kf3 g5 40. fxg5 fxg5
41. bxc5 Ke5 42. c6 Kd4 43. c5 Bf4 44. h4 Be5 45. hxg5 Kc3 46. Kg2 Kb2 47. Bd5
a2 48. Bxa2 Kxa2 49. Kh3 Kb3 50. Kh4 Kc4 51. Kh5 Bg7 52. g6 h6 53. g5 hxg5 54.
Kxg5 Kxc5 55. Kf5 Kd6 0-1